<?xml version="1.0" encoding="UTF-8"?>
<record
    xmlns:xsi="http://www.w3.org/2001/XMLSchema-instance"
    xsi:schemaLocation="http://www.loc.gov/MARC21/slim http://www.loc.gov/standards/marcxml/schema/MARC21slim.xsd"
    xmlns="http://www.loc.gov/MARC21/slim">

  <leader>03222nam a2200577Ia 4500</leader>
  <controlfield tag="001">4186</controlfield>
  <controlfield tag="008">241029s9999    xx            000 0 und d</controlfield>
  <datafield tag="010" ind1=" " ind2=" ">
    <subfield code="a">3936</subfield>
  </datafield>
  <datafield tag="041" ind1=" " ind2=" ">
    <subfield code="a">Espa&#xF1;ol</subfield>
  </datafield>
  <datafield tag="082" ind1=" " ind2=" ">
    <subfield code="a">NO APLICA</subfield>
  </datafield>
  <datafield tag="245" ind1=" " ind2="0">
    <subfield code="a">Gesti&#xF3;n pedag&#xF3;gica que propicia la articulaci&#xF3;n entre el grado pre-primario del Nivel Inicial y el grado del Nivel B&#xE1;sico, en el Centro Educativo San Jos&#xE9;, F&#xE9; y Alegr&#xED;a, correspondiente al Distrito 15-01. A&#xF1;o Escolar 2012-2013</subfield>
  </datafield>
  <datafield tag="260" ind1=" " ind2=" ">
    <subfield code="a">Santo Domingo</subfield>
  </datafield>
  <datafield tag="300" ind1=" " ind2=" ">
    <subfield code="a">116</subfield>
  </datafield>
  <datafield tag="520" ind1=" " ind2=" ">
    <subfield code="a">48</subfield>
  </datafield>
  <datafield tag="630" ind1=" " ind2=" ">
    <subfield code="a">Educaci&#xF3;n</subfield>
  </datafield>
  <datafield tag="630" ind1=" " ind2=" ">
    <subfield code="a">Gesti&#xF3;n</subfield>
  </datafield>
  <datafield tag="630" ind1=" " ind2=" ">
    <subfield code="a">Mejoramiento del Aprendizaje</subfield>
  </datafield>
  <datafield tag="630" ind1=" " ind2=" ">
    <subfield code="a">Metodolog&#xED;a de Ense&#xF1;anza</subfield>
  </datafield>
  <datafield tag="630" ind1=" " ind2=" ">
    <subfield code="a">Necesidades Educativas</subfield>
  </datafield>
  <datafield tag="650" ind1=" " ind2=" ">
    <subfield code="a">Gesti&#xF3;n Educativa</subfield>
  </datafield>
  <datafield tag="690" ind1=" " ind2=" ">
    <subfield code="a">Elaborado</subfield>
  </datafield>
  <datafield tag="700" ind1=" " ind2=" ">
    <subfield code="e">asesor</subfield>
    <subfield code="a"> Bravo, Delfina </subfield>
  </datafield>
  <datafield tag="700" ind1=" " ind2=" ">
    <subfield code="e">autor</subfield>
    <subfield code="a"> Veloz, Fe Rosal&#xED;a Alba</subfield>
  </datafield>
  <datafield tag="700" ind1=" " ind2=" ">
    <subfield code="e">autor</subfield>
    <subfield code="a"> P&#xE9;rez , Belkis Magnolia </subfield>
  </datafield>
  <datafield tag="901" ind1=" " ind2=" ">
    <subfield code="a">{"1":" Veloz","2":" P&#xE9;rez "}</subfield>
    <subfield code="b">{"1":"Fe Rosal&#xED;a Alba","2":"Belkis Magnolia "}</subfield>
  </datafield>
  <datafield tag="902" ind1=" " ind2=" ">
    <subfield code="a">1</subfield>
  </datafield>
  <datafield tag="903" ind1=" " ind2=" ">
    <subfield code="a">{"1":" Bravo"}</subfield>
    <subfield code="b">{"1":"Delfina "}</subfield>
  </datafield>
  <datafield tag="904" ind1=" " ind2=" ">
    <subfield code="a">Maestr&#xED;a en</subfield>
  </datafield>
  <datafield tag="905" ind1=" " ind2=" ">
    <subfield code="a">Gesti&#xF3;n de Centros Educativos</subfield>
  </datafield>
  <datafield tag="906" ind1=" " ind2=" ">
    <subfield code="a">2</subfield>
  </datafield>
  <datafield tag="907" ind1=" " ind2=" ">
    <subfield code="a">NO APLICA</subfield>
  </datafield>
  <datafield tag="908" ind1=" " ind2=" ">
    <subfield code="a">NO APLICA</subfield>
  </datafield>
  <datafield tag="909" ind1=" " ind2=" ">
    <subfield code="a">Universidad Aut&#xF3;noma de Santo Domingo (UASD)</subfield>
  </datafield>
  <datafield tag="910" ind1=" " ind2=" ">
    <subfield code="a">NULL</subfield>
    <subfield code="b">NULL</subfield>
  </datafield>
  <datafield tag="911" ind1=" " ind2=" ">
    <subfield code="a">["1"]</subfield>
  </datafield>
  <datafield tag="912" ind1=" " ind2=" ">
    <subfield code="a">NO APLICA</subfield>
  </datafield>
  <datafield tag="913" ind1=" " ind2=" ">
    <subfield code="a">NULL</subfield>
  </datafield>
  <datafield tag="914" ind1=" " ind2=" ">
    <subfield code="a">01 de Octubre de 2013</subfield>
  </datafield>
  <datafield tag="915" ind1=" " ind2=" ">
    <subfield code="a">18/07/15 05:07</subfield>
  </datafield>
  <datafield tag="916" ind1=" " ind2=" ">
    <subfield code="a">NULL</subfield>
  </datafield>
  <datafield tag="917" ind1=" " ind2=" ">
    <subfield code="a">NULL</subfield>
  </datafield>
  <datafield tag="918" ind1=" " ind2=" ">
    <subfield code="a">NO APLICA</subfield>
  </datafield>
  <datafield tag="919" ind1=" " ind2=" ">
    <subfield code="a">["72","111","138","139","145"]</subfield>
  </datafield>
  <datafield tag="520" ind1=" " ind2=" ">
    <subfield code="a">El prop&#xF3;sito general de este estudio, consisti&#xF3; en describir los aspectos de la gesti&#xF3;n pedag&#xF3;gica que propicia la articulaci&#xF3;n entre el grado Pre-Primario del Nivel Inicial y el Primer Grado del Nivel B&#xE1;sico en el Centro Educativo San Jos&#xE9; Fe Alegr&#xED;a, del Distrito Educativo 15-01, en el a&#xF1;o escolar 2012-2013.&#xA0; El estudio fue de car&#xE1;cter no experimental.&#xA0; La metodolog&#xED;a utilizada fue del tipo cuantitativo-cualitativo y el m&#xE9;todo usado fue inductivo-deductivo y anal&#xED;tico-sint&#xE9;tico. La poblaci&#xF3;n empleada estuvo conformada por 128 actores, los cuales estuvieron divididos de la forma siguiente: una subdirectora,&#xA0; 4 docentes y 120 estudiantes&#xA0; del Primer Grado del Nivel Inicial de dicho recinto educativo. Los an&#xE1;lisis realizados indicaron, que desarrollar actividades entre educadoras con los ni&#xF1;os y ni&#xF1;as de ambos niveles como: recreos compartidos entre los ni&#xF1;os de pre-primaria y primer grado, visitas formativas, cierres de proyectos, recorridos, di&#xE1;logos constantes y reflexiones, desarrollo de actividades l&#xFA;cidas como: canciones, poes&#xED;as, dramatizaciones, concursos, juegos, cuentos y ambientaciones de aulas de forma conjunta.El estudio realizado recomend&#xF3;, llevar al primer grado la Metodolog&#xED;a Juego-Trabajo, as&#xED; como la implementaci&#xF3;n de estrategias l&#xFA;cidas en este grado, ambientaci&#xF3;n en aulas o rincones de juego, con materiales al alcance de los ni&#xF1;os y las ni&#xF1;as. Tambi&#xE9;n compartir actividades entre los ni&#xF1;os y las ni&#xF1;as, as&#xED; como con los docentes de ambos grados.&#xA0;&#xA0; &#xA0;&#xA0; &#xA0; &#xA0;</subfield>
  </datafield>
  <datafield tag="921" ind1=" " ind2=" ">
    <subfield code="a">12</subfield>
  </datafield>
  <datafield tag="922" ind1=" " ind2=" ">
    <subfield code="a">12</subfield>
  </datafield>
  <datafield tag="923" ind1=" " ind2=" ">
    <subfield code="a">0</subfield>
  </datafield>
  <datafield tag="924" ind1=" " ind2=" ">
    <subfield code="a">NO APLICA</subfield>
  </datafield>
  <datafield tag="942" ind1=" " ind2=" ">
    <subfield code="c">Tesis</subfield>
  </datafield>
  <datafield tag="999" ind1=" " ind2=" ">
    <subfield code="c">3936</subfield>
    <subfield code="d">3936</subfield>
  </datafield>
</record>
